| 000 | 00684cam a22002171i 4500 | ||
|---|---|---|---|
| 001 | sa 67005486 | ||
| 003 | DLC | ||
| 005 | 20260227112357.0 | ||
| 008 | 771004s1962 ii c 000 0beng | ||
| 010 | _asa 67005486 | ||
| 035 | _a(OCoLC)3316476 | ||
| 040 |
_aDLC _cMnNC _dMnNC _dOCoLC _dDLC |
||
| 042 | _apremarc | ||
| 050 | 0 | 0 |
_aDS479.1.T54 _bJ6 |
| 100 | 1 | _aJog, Narayan Gopal | |
| 245 | 1 | 0 |
_aLokamanya Bal Gangadhar Tilak / _c N. G. Jog. |
| 260 |
_a[Delhi] : _bPublications Division, Ministry of Information and Broadcasting, Govt. of India, _c[1962] |
||
| 300 |
_a 208 p. : _bport. ; _c18 cm. |
||
| 440 | 0 | _aBuilders of modern India | |
| 600 | 1 | 0 |
_aTilak, Bal Gangadhar, _d1856-1920. |
| 999 |
_c75225 _d75225 |
||